4019-南国市(高知県)の駅 - Statistics

General Stats
  • This quiz has been taken 6 times
  • The average score is 7 of 11
Answer Stats
Answer % Correct
後免
100%
後免町
100%
後免西町
83%
土佐長岡
67%
後免東町
67%
後免中町
67%
立田
50%
住吉通
50%
篠原
50%
小篭通
50%
東工業前
33%
No matching quizzes found
Score Distribution
Percent of People with Each Score
Percentile by Number Answered
Your Score History
You have not taken this quiz